Geology and ground-water resources of Webb county, Texas, (Record no. 27405)

MARC details
000 -LEADER
fixed length control field 01454cam a22002891 4500
001 - CONTROL NUMBER
control field gs 37000320
003 - CONTROL NUMBER IDENTIFIER
control field DLC
005 - DATE AND TIME OF LATEST TRANSACTION
control field 20260227111342.0
008 - FIXED-LENGTH DATA ELEMENTS--GENERAL INFORMATION
fixed length control field 770118s1937 dcua f000 0 eng c
010 ## - LIBRARY OF CONGRESS CONTROL NUMBER
LC control number gs 37000320
035 ## - SYSTEM CONTROL NUMBER
System control number (OCoLC)2686407
040 ## - CATALOGING SOURCE
Original cataloging agency U. S. Geol. Survey Library.
Transcribing agency TxH
Modifying agency OCoLC
-- DLC
042 ## - AUTHENTICATION CODE
Authentication code premarc
050 00 - LIBRARY OF CONGRESS CALL NUMBER
Classification number TC801
Item number .U2 no. 778
100 1# - MAIN ENTRY--PERSONAL NAME
Personal name Lonsdale, John T.
Fuller form of name (John Tipton),
Dates associated with a name 1895-1960.
245 00 - TITLE STATEMENT
Title Geology and ground-water resources of Webb county, Texas,
Statement of responsibility, etc. by John T. Lonsdale and James R. Day. Prepared in cooperation with the Engineering experiment station of the Agricultural and mechanical college of Texas and the Texas Board of water engineers.
260 ## - PUBLICATION, DISTRIBUTION, ETC.
Place of publication, distribution, etc. Washington,
Name of publisher, distributor, etc. U.S. Govt. print. off.,
Date of publication, distribution, etc. 1937.
300 ## - PHYSICAL DESCRIPTION
Extent v, 104 p. incl illus., tables.
Other physical details 12 pl. (incl. fold. map (in pocket), fold diagrs.) fold. tabl.
Dimensions 23 cm.
490 0# - SERIES STATEMENT
Series statement U. S. Geological survey. Water-supply paper 778
500 ## - GENERAL NOTE
General note At head of title: United States Department of the interior.
501 ## - WITH NOTE
With note With : Geology and ground-water resources of Duval county, Texas. Washington : U.S. Govt. Print. Off., 1937. Bound together subsequent to publication.
Institution to which field applies DLC
650 #0 - SUBJECT ADDED ENTRY--TOPICAL TERM
Topical term or geographic name entry element Geology
Geographic subdivision Texas
-- Webb County.
650 #0 - SUBJECT ADDED ENTRY--TOPICAL TERM
Topical term or geographic name entry element Groundwater
Geographic subdivision Texas
-- Webb County.
700 1# - ADDED ENTRY--PERSONAL NAME
Personal name Day, James R.,
Relator term joint author.
710 1# - ADDED ENTRY--CORPORATE NAME
Corporate name or jurisdiction name as entry element Texas.
Subordinate unit Agricultural and Mechanical College.
-- Engineering Experiment Station.
710 2# - ADDED ENTRY--CORPORATE NAME
Corporate name or jurisdiction name as entry element Texas Water Commission.

No items available.

Powered by Koha